Un cumpleaños infantil / (Registro nro. 9446)

Detalles MARC
000 -LIDER
fixed length control field 00856ncm a22003251 4500
001 - NÚMERO DE CONTROL
Identificador de número de control 000065311
003 - IDENTIFICACDOR DE NÚMERO DE CONTROL
control field DO-SdBNP
005 - DATE AND TIME OF LATEST TRANSACTION
control field 20180223094155.0
007 - CAMPOS FIJOS DE DESCRIPCIÓN FÍSICA
fixed length control field 000065311
008 - ELEMENTOS DE LONGITUD FIJA
fixed length control field 011112s1975 sp a nn spa
015 ## - NÚMERO DENTRO DE LA BIBLIOGRAFÍA NACIONAL
National bibliography number
--
016 7# - NO. DE CONTROL DE LA AGENCIA BIB. NACIONAL
Record control number
Canceled/invalid record control number
Source BPMSU
020 ## - ISBN
International Standard Book Number 9501390667
028 30 - NÚMERO DE EDITOR MUSICAL
Publisher number
Source
035 ## - NÚMERO LOCAL
System control number
040 ## - FUENTE DE CATALOGACIÓN
Agencia que crea de manera original el registro BPMSU
Idioma de catalogación spa
Agencia que realiza la transcripción BPMSU
082 #4 - NÚMERO DE CLASIFICACIÓN DECIMAL DE DEWEY
Classification number XXX
Item number XXX
100 10 - ASIENTO PRINCIPAL -- NOMBRE PERSONAL
Nombre personal Kuhnemann, Ursula
Títulos u otras palabras asociadas con el nombre
245 13 - MENCIÓN DE TITULO
Título Un cumpleaños infantil /
Medio (Designación general de material)
Subtítulo
Mención de responsabilidad Ursula Kuhnemann ; traducción Yolanda k. de Stock
260 ## - PUBLICACIÓN, DISTRIBUCIÓN, ETC. (PIE DE IMPRENTA)
Lugar de publicación, distribución, etc Argentina;
Nombre del editor, distribuidor, etc. Kapelusz,
Fecha de publicación, distribución, etc 1975.
300 ## - DESCRIPCIÓN FÍSICA
Extensión 76 p. :
Otros detalles físicos il.
Dimensiones 22 cm.
490 0# - MENCIÓN DE SERIES
Mención de serie Cómo hacer
500 ## - NOTA GENERAL
Nota general
650 #7 - ENCABEZAMIENTO DE MATERIA--TEMÁTICO
Término temático o nombre geográfico como elemento de entrada
Subdivisión de forma
Fuente del encabezamiento o término
700 1# - ASIENTO SECUNDARIO -- NOMBRE PERSONAL
Nombre personal Stock, Yolanda K. de
Mención de responsabilidad trad.
830 #0 - ASIENTO SECUNDARIO DE SERIE--TÍTULO UNIFORME
Título uniforme Cómo hacer
942 ## - ADDED ENTRY ELEMENTS (KOHA)
Source of classification or shelving scheme Dewey Decimal Classification
Koha item type Libros
945 ## - INFORMACIÓN DE PROCESAMIENTO LOCAL
Información de procesamiento local Inventariado, 2018/ YL
956 ## - LOCAL ELECTRONIC LOCATION AND ACCESS (OCLC)
Nombre de host VMATEO
Método de acceso 10
Materiales especificados 20160330
Enlace BPMSU
Campo enlazado y núm. de secuencia 0069
Existencias
Withdrawn status Lost status Source of classification or shelving scheme Damaged status Not for loan Collection code Home library Current library Date acquired Source of acquisition Total Checkouts Full call number Barcode Date last seen Price effective from Koha item type
    Dewey Decimal Classification     Colección General Biblioteca Pública Metropolitana Salomé Ureña Biblioteca Pública Metropolitana Salomé Ureña 03/30/2016 FUNDI   XXX XXX BPMSU16030333 03/30/2016 03/30/2016 Libros